Маркіза (Запис № 377616)

МАРК-запис
000 -LEADER
fixed length control field 00676nam a22002417a 4500
001 - CONTROL NUMBER
control field 91355
003 - CONTROL NUMBER IDENTIFIER
control field UA-OsUOA
005 - DATE AND TIME OF LATEST TRANSACTION
control field 20210707223129.0
007 - PHYSICAL DESCRIPTION FIXED FIELD--GENERAL INFORMATION
fixed length control field ta
008 - FIXED-LENGTH DATA ELEMENTS--GENERAL INFORMATION
fixed length control field 20121127b un ||||| |||| 00| 0 ukr d
040 ## - CATALOGING SOURCE
Original cataloging agency UA-OsUOA
Language of cataloging ukr
Transcribing agency UA-OsUOA
Modifying agency UA-OsUOA
041 ## - LANGUAGE CODE
Language code of text/sound track or separate title ukr
080 ## - UNIVERSAL DECIMAL CLASSIFICATION NUMBER
Universal Decimal Classification number 821.161.2
090 ## - LOCALLY ASSIGNED LC-TYPE CALL NUMBER (OCLC); LOCAL CALL NUMBER (OCLC)
Classification number (OCLC) (R) ; Classification number, CALL (RLIN) (NR) 821.161.2
Local cutter number (OCLC) ; Book number/undivided call number, CALL (RLIN) Т44
100 ## - MAIN ENTRY--PERSONAL NAME
Personal name Тис Ю.
245 ## - TITLE STATEMENT
Title Маркіза
Remainder of title історичні оповідання
260 ## - PUBLICATION, DISTRIBUTION, ETC. (IMPRINT)
Place of publication, distribution, etc Вінніпег
Date of publication, distribution, etc 1954
300 ## - PHYSICAL DESCRIPTION
Extent 127 с.
650 #7 - SUBJECT ADDED ENTRY--TOPICAL TERM
Topical term or geographic name as entry element 82 Література. Літературознавство
Source of heading or term UDC
942 ## - ADDED ENTRY ELEMENTS (KOHA)
Koha item type Книги
Source of classification or shelving scheme Universal Decimal Classification
955 ## - COPY-LEVEL INFORMATION (RLIN)
Classification number, CCAL (RLIN) Літературно-художні видання
Фонди
Withdrawn status Lost status Source of classification or shelving scheme Damaged status Not for loan Home library Current library Date acquired Inventory number Total Checkouts Full call number Barcode Date last seen Price effective from Koha item type Source of acquisition Cost, normal purchase price
Withdrawn   Universal Decimal Classification     АБ - Абонемент НБ АБ - Абонемент НБ 27/11/2012 26576   821.161.2 Т44 26576 13/07/2019 27/11/2012 Книги    
Withdrawn   Universal Decimal Classification     АБ - Абонемент НБ АБ - Абонемент НБ 27/11/2012 26577   821.161.2 Т44 26577 13/07/2019 27/11/2012 Книги    
Withdrawn   Universal Decimal Classification     АБ - Абонемент НБ АБ - Абонемент НБ 29/11/2012 26578   821.161.2 Т44 26578 13/07/2019 27/11/2012 Книги    
Withdrawn   Universal Decimal Classification     АБ - Абонемент НБ АБ - Абонемент НБ 30/11/2012 34385   821.161.2 Т44 34385 13/07/2019 27/11/2012 Книги    
    Universal Decimal Classification     Наукова бібліотека ІДУД Наукова бібліотека ІДУД 08/06/2015 2138048   82-3 Т44 2138048 15/09/2019 08/06/2015 Книги 323/2015 1.00